000
00325nam a2200121Ia 4500
008
210428s9999 xx 000 0 und d
082
_a
543.089 A2442 A
100
_a
A Tribute to J.Calvin Giddings
_9
52165
245
0
_a
Advances in Chromatography
260
_b
Marcel Dekker
_a
New york
_c
1998
300
_a
409
942
_c
BK
999
_c
559931
_d
559931